| 000 | 02865ccm a2200469Ia 4500 | ||
|---|---|---|---|
| 001 | 51807674 | ||
| 003 | OCoLC | ||
| 005 | 20190325193328.0 | ||
| 008 | 030306t19991994nyufmz j dz n spa d | ||
| 020 | _a0140565485 | ||
| 020 | _a0590034898 (pbk.) | ||
| 020 | _a9780590034890 (pbk.) | ||
| 020 | _a9780140565485 | ||
| 020 | _z9781413140866 | ||
| 020 | _z1413140866 | ||
| 035 |
_a(OCoLC)51807674 _z(OCoLC)70546629 _z(OCoLC)731234681 _z(OCoLC)732746176 |
||
| 040 |
_aIGB _beng _cIGB _dOCLCQ _dOIP _dBVD _dBAKER _dYDXCP _dZGH _dORX _dOCLCQ _dOCLCF _dOCLCQ _dZAS _dTXCCL _dSFR _dT7F _dLKC _dSO$ |
||
| 041 | 1 |
_aspa _aeng _heng |
|
| 043 | _acl----- | ||
| 050 | 4 |
_aM.1 _bPB Oro 1999 |
|
| 082 | 0 | 4 | _a468 |
| 092 |
_fE- _a468 _bDE COLOR |
||
| 245 | 0 | 0 |
_aDe colores : _band other Latin-American folk songs for children / _cselected, arranged, and translated by Jose-Luis Orozco ; illustrated by Elisa Kleven. |
| 260 |
_aNew York : _bPuffin Books, _c1999, c1994. |
||
| 300 |
_a56 pages : _bcolor illustrations ; _c31 cm. |
||
| 336 |
_anotated music _bntm _2rdacontent. |
||
| 337 |
_aunmediated _bn _2rdamedia. |
||
| 338 |
_avolume _bnc _2rdacarrier. |
||
| 500 | _aFor voice and piano; lyrics incorporated in piano part; includes chord symbols. | ||
| 500 | _aIncludes index. | ||
| 505 | 0 | 0 |
_tBuenos dias = _tGood morning -- _tChocolate -- _tBarquito = _tLittle boat -- _tAl tambor = _tDrum song -- _tVamos a la mar = _tLet's go to the sea -- _tElefantes = _tElephant song -- _tGranja = _tFarm -- _tV©Ưbora de la mar = _tSea serpent -- _tAra©ła peque©łita = _tEensy, weensy spider -- _tMa©łanitas = _tSpecial morning song -- _tVilla = _tVillage -- _tCompadre, c©đmpreme un coco = _tCompadre, buy me a coconut -- _tDe colores = _tBright with colors -- _tPollitos = _tBaby chicks -- _tHormiguitas = _tLittle ants -- _tSana, sana -- _tUn ratoncito = _tLittle mouse -- _tCuatro camaroncitos = _tFour little shrimp -- _tBurrito enfermo = _tSick little donkey -- _tCaballito blanco = _tMy little white horse -- _tPi©łata -- _tNochebuena = _tChristmas eve -- _tNanita, nana -- _tNaranja dulce = _tSweet orange -- _tCoqu©Ư = _tCoqu©Ư, the little frog -- _tPaz y libertad = _tPeace and liberty -- _tDu©♭rmete, mi ni©ło = _tGo to sleep, my baby. |
| 520 | _aCollection of 27 Latin American children's songs celebrating the Latino culture. Includes traditional songs as well as rhymes and hand games. | ||
| 546 | _aSongs in Spanish; includes lyrics printed as text with English translations. | ||
| 650 | 0 |
_aChildren's songs, Spanish _zLatin America _vJuvenile literature. |
|
| 650 | 0 |
_aFolk songs, Spanish _zLatin America _vJuvenile literature. |
|
| 650 | 0 |
_aFolk music _zLatin America _vJuvenile literature. |
|
| 650 | 0 |
_aHispanic Americans _vMusic _vJuvenile literature. |
|
| 650 | 0 |
_aSongs, Spanish _zLatin America _vJuvenile literature. |
|
| 700 | 1 | _aOrozco, Jose-Luis. | |
| 700 | 1 | _aKleven, Elisa. | |
| 942 | _cBK | ||
| 999 |
_c20869 _d20869 |
||